[Event "Rajapalayam Ramco op"]
[Site "Rajapalayam"]
[Date "2019.12.01"]
[Round "3"]
[White "Senthil, Maran K"]
[Black "Aaditya, A."]
[Result "1-0"]
[WhiteElo "2312"]
[BlackElo "1548"]
[PlyCount "61"]
[EventDate "2019.11.30"]
[EventType "swiss"]
[EventRounds "8"]
[EventCountry "IND"]
[SourceTitle "CBM 193 Extra"]
[Source "ChessBase"]
[SourceDate "2020.01.31"]
[SourceVersion "1"]
[SourceVersionDate "2020.01.31"]
[SourceQuality "1"]

1. d4 Nf6 2. c4 e6 3. g3 Bb4+ 4. Nc3 0-0 5. Bg2 d6 6. Nf3 Nc6 7. 0-0 Bxc3 8. bxc3 e5 9. e3 e4 10. Nd2 Re8 11. f3 exf3 12. Qxf3 Bg4 13. Qf2 Qd7 14. Ba3 Bh3 15. e4 Bxg2 16. Qxg2 Nd8 17. c5 Qa4 18. Bc1 dxc5 19. e5 Nd7 20. Nf3 cxd4 21. cxd4 Nf8 22. Be3 Qd7 23. Rad1 c6 24. Ng5 h6 25. Ne4 Kh8 26. Bxh6 gxh6 27. Qd2 Kg7 28. Rf6 Ng6 29. Nd6 Re6 30. Nf5+ Kg8 31. Qxh6 1-0